The viscosity of liquids /

Bibliographic Details
Main Author: Dunstan, A. E. (Albert Ernest), 1878-
Other Authors: Thole, Ferdinand Bernard
Format: Book
Language:English
Published: London, New York [etc.] : Longmans, Green and co., 1914.
Series:Monographs on inorganic and physical chemistry.
Subjects:

MARC

Tag First Indicator Second Indicator Subfields
LEADER 00000cam a2200000 4500
001 in00000051908
005 20151007074100.0
008 780711s1914 enka b 00010 eng c
010 |a gs 14000563  
035 |a (OCoLC)04043332 
035 |9 AAF0903AM 
040 |a U.S. Geological Survey  |c TJC  |d TXA  |d UtOrBLW 
049 |a TXAM  |c [10873] 
090 |a QC189  |b .D85 
092 |a 541.341  |b D92v 
100 1 |a Dunstan, A. E.  |q (Albert Ernest),  |d 1878- 
245 1 4 |a The viscosity of liquids /  |c by Albert Ernest Dunstan ... and Ferdinand Bernard Thole ... with diagrams. 
264 1 |a London,  |a New York [etc.] :  |b Longmans, Green and co.,  |c 1914. 
300 |a vii, 91 pages :  |b diagrams ;  |c 23 cm. 
336 |a text  |b txt  |2 rdacontent 
337 |a unmediated  |b n  |2 rdamedia 
338 |a volume  |b nc  |2 rdacarrier 
490 1 |a Monographs on inorganic and physical chemistry 
504 |a "References": pages 87-89. 
650 0 |a Viscosity. 
700 1 |a Thole, Ferdinand Bernard. 
830 0 |a Monographs on inorganic and physical chemistry. 
999 |a MARS 
999 f f |s 8609013a-8a1c-33e9-a003-eedf34e73bff  |i 34139c12-d254-392d-835f-b03a34d2229e  |t 0 
952 f f |p ric  |a Texas A&M University  |b Rellis Campus  |c Joint Library Facility  |d Remote Storage  |t 0  |e QC189 .D85  |h Library of Congress classification  |i unmediated -- volume  |m A14800936054 
998 f f |a QC189 .D85  |t 0  |l Remote Storage